Visualizzazione normale
Vista MARC
- Albertelli Luigi
di Personal Name
Records bibliografici associati: 1
001 - CONTROL NUMBER
- control field: 12756
003 - CONTROL NUMBER IDENTIFIER
- control field: IT-RoPau
005 - DATE AND TIME OF LATEST TRANSACTION
- control field: 20140207171207.0
008 - FIXED-LENGTH DATA ELEMENTS
- fixed length control field: 140207|| aca||aabn | a|a d
040 ## - CATALOGING SOURCE
- Original cataloging agency: IT-RoPau
- Transcribing agency: IT-RoPau
100 ## - HEADING--PERSONAL NAME
- Personal name: Albertelli Luigi
- Miscellaneous information: Codice autore testo/musica SPICS: 14330
- Relator term: Autore testo/musica
- Name of part/section of a work: Mi ha stregato il viso tuo
670 ## - SOURCE DATA FOUND
- Source citation: Work cat.: (IT-RoPau)99946: AA.VV. 794, Eccezionale Iva-Le più belle canzoni di Iva Zanicchi